Tribhuvan University Central Library

Probality statistics and qqueueing theory (Record no. 62030)

MARC details
000 -LEADER
fixed length control field 00647 a2200253 4500
020 ## - INTERNATIONAL STANDARD BOOK NUMBER
International Standard Book Number 81-219-2356-5
041 ## - LANGUAGE CODE
Language code of text/sound track or separate title Eng
082 ## - DEWEY DECIMAL CLASSIFICATION NUMBER
Classification number 519.2
Item number K131p
100 ## - MAIN ENTRY--PERSONAL NAME
Personal name Kandasamy, P.
9 (RLIN) 25291
100 ## - MAIN ENTRY--PERSONAL NAME
Personal name Thilagavathi, K.
9 (RLIN) 25292
100 ## - MAIN ENTRY--PERSONAL NAME
Personal name Gunavathi, K
9 (RLIN) 25293
245 ## - TITLE STATEMENT
Title Probality statistics and qqueueing theory
260 ## - PUBLICATION, DISTRIBUTION, ETC.
Place of publication, distribution, etc. New Delhi
Name of publisher, distributor, etc. S. Chand
Date of publication, distribution, etc. 2004
300 ## - PHYSICAL DESCRIPTION
Extent xv, 928p.
650 ## - SUBJECT ADDED ENTRY--TOPICAL TERM
Topical term or geographic name entry element Statistics
9 (RLIN) 73
650 ## - SUBJECT ADDED ENTRY--TOPICAL TERM
Topical term or geographic name entry element Queueing theory
9 (RLIN) 8012
650 ## - SUBJECT ADDED ENTRY--TOPICAL TERM
Topical term or geographic name entry element Probability theory
9 (RLIN) 1587
650 ## - SUBJECT ADDED ENTRY--TOPICAL TERM
Topical term or geographic name entry element Random processes
9 (RLIN) 8622
650 ## - SUBJECT ADDED ENTRY--TOPICAL TERM
Topical term or geographic name entry element Sampling
653 ## - INDEX TERM--UNCONTROLLED
Uncontrolled term Probabilities
942 ## - ADDED ENTRY ELEMENTS (KOHA)
Source of classification or shelving scheme Dewey Decimal Classification
Koha item type General Collections
518 ## - DATE/TIME AND PLACE OF AN EVENT NOTE
-- 2011-08-16
530 ## - ADDITIONAL PHYSICAL FORM AVAILABLE NOTE
-- M
Holdings
Withdrawn status Lost status Source of classification or shelving scheme Damaged status Not for loan Home library Current library Shelving location Date acquired Total Checkouts Total Renewals Full call number Barcode Date last seen Date last checked out Copy number Price effective from Koha item type
    Dewey Decimal Classification     Tribhuvan University Central Library Tribhuvan University Central Library New Building 08/16/2011 3 2 519.2 K131p 141511 12/25/2018 09/30/2018 1 08/16/2011 General Collections